|
|
|
|
| LEADER |
00000nam0a2200000 4500 |
| 001 |
244109 |
| 005 |
20231101232026.0 |
| 010 |
|
|
|a 9785437700280
|
| 035 |
|
|
|a (RuTPU)RU\TPU\book\265489
|
| 090 |
|
|
|a 244109
|
| 100 |
|
|
|a 20131015d2013 m y0rusy50 ca
|
| 101 |
0 |
|
|a rus
|
| 102 |
|
|
|a RU
|
| 105 |
|
|
|a a j 001zy
|
| 200 |
1 |
|
|a Маркировка товаров: применение в таможенном деле и международной торговле
|e учебное пособие для вузов
|f Г. Ю. Федотова, И. Н. Петрова
|
| 210 |
|
|
|a Санкт-Петербург
|c Троицкий мост
|d 2013
|
| 215 |
|
|
|a 246 с.
|c ил.
|
| 320 |
|
|
|a Библиогр.: с. 240-242.
|
| 330 |
|
|
|a В учебном пособии рассматриваются вопросы применения маркировки товаров в таможенном деле и международной торговле в условиях глобализации и расширения международной интеграции на основе действующей законодательной и нормативно-технической базы. Приводится систематизированная информация по общим нормативным и организационно-методическим требованиям к маркировке товаров, конкретным группам продовольственных и непродовольственных товаров, в том числе на соответствие впервые изданным техническим регламентам. Подробно рассматриваются вопросы маркировки ввозимой продукции и ее гармонизации с международными требованиями.
|
| 606 |
1 |
|
|a Таможенное дело
|x Экономика
|2 stltpush
|3 (RuTPU)RU\TPU\subj\69328
|9 84236
|
| 610 |
1 |
|
|a товары
|
| 610 |
1 |
|
|a маркировка
|
| 610 |
1 |
|
|a таможенная деятельность
|
| 610 |
1 |
|
|a международная торговля
|
| 610 |
1 |
|
|a таможенная информация
|
| 610 |
1 |
|
|a потребительская маркировка
|
| 610 |
1 |
|
|a предупредительная маркировка
|
| 610 |
1 |
|
|a сертификация
|
| 610 |
1 |
|
|a экологическая маркировка
|
| 610 |
1 |
|
|a транспортная маркировка
|
| 610 |
1 |
|
|a штриховые коды
|
| 610 |
1 |
|
|a товарные знаки
|
| 610 |
1 |
|
|a знаки обслуживания
|
| 610 |
1 |
|
|a учебные пособия
|
| 686 |
|
|
|a У9(2)428я73
|v LBC/SL-A
|2 rubbk
|
| 700 |
|
1 |
|a Федотова
|b Г. Ю.
|g Галина Юрьевна
|
| 701 |
|
1 |
|a Петрова
|b И. Н.
|g Ирина Николаевна
|
| 801 |
|
1 |
|a RU
|b 63413507
|c 20131015
|
| 801 |
|
2 |
|a RU
|b 63413507
|c 20150529
|g RCR
|
| 942 |
|
|
|c BK
|
| 959 |
|
|
|a 134/20131015
|d 2
|e 395,00
|f ЧЗГЛ:1
|f АНЛ:1
|